Datum a čas kvízu
25
Celkem bodů
Celkový počet nahraných bodů na tomto kvízu bez doplňovacích otázek.
6.
Pořadí na kvízu
Konečné umístění týmu na tomto kvízu.
Zaznamenané odpovědi
| # | Otázka | Odpověď | Body | Výsledky |
|---|---|---|---|---|
| 1. | Česká armáda se minulý týden r... | Jak-40 | 0 | |
| 2. | Jedním z bodů programu předsed... | Já jsem Tchajwanec. | 1 | |
| 3. | Nakladatelství Atlantis minulý... | Slavnost bezvýznamnosti | 0 | |
| 4. | Automobilka Škoda minulé úterý... | Enyaq | 0 | |
| 5. | Tenistka Karolína Muchová pora... | Venus Williamsová | 0 | |
| 6. | „Arktida přinutí člověka, aby... | Robert Peary | 0 | |
| 7. | Snahy o prozkoumání polárních... | William Baffin | 0 | |
| 8. | „Svět kolem mne byl tak laskav... | Annapurna | 1 | |
| 9. | Roku 1938 byla poprvé pokořena... | Heinrich Harrer, Sedm let v Tibetu | 1 | |
| 10. | Podmořští výzkumníci Jacques P... | batyskaf | 1 |